000 00490nam a22001937a 4500
003 MPLRDC
005 20220104190429.0
008 210129b ||||| |||| 00| 0 eng d
020 _a978-986-120-788-9
082 _a496.5 JAN
100 _aJOHN JANTSCH
245 _a让顾客主动推荐你
_c吴书榆 译
250 _a初版一刷
260 _a台湾
_b经济新潮社
_c2011
300 _b
490 _a经营管理: 78
650 _a推销策略
942 _cBK
_o496.5 JAN
999 _c63787
_d63777